<?xml version="1.0" encoding="UTF-8"?>
<marc:record xmlns:marc="http://www.loc.gov/MARC21/slim">
   <marc:leader>00000nam a2200000 a 4500</marc:leader>
   <marc:datafield ind1="1" ind2=" " tag="100">
      <marc:subfield code="a">Karoshi, Peter</marc:subfield>
      <marc:subfield code="4">aut</marc:subfield>
      <marc:subfield code="e">Verfasser/-in</marc:subfield>
   </marc:datafield>
   <marc:datafield ind1="0" ind2="0" tag="245">
      <marc:subfield code="a">Zu den Elfanten</marc:subfield>
   </marc:datafield>
   <marc:datafield ind1="0" ind2="0" tag="245">
      <marc:subfield code="b">Novelle</marc:subfield>
   </marc:datafield>
   <marc:datafield ind1="0" ind2="0" tag="245">
      <marc:subfield code="c">Peter Karoshi</marc:subfield>
   </marc:datafield>
   <marc:datafield ind1=" " ind2="1" tag="264">
      <marc:subfield code="a">Graz ; Wien</marc:subfield>
      <marc:subfield code="b">leykam:Belletristik</marc:subfield>
      <marc:subfield code="c">2021</marc:subfield>
   </marc:datafield>
   <marc:datafield ind1="1" ind2=" " tag="520">
      <marc:subfield code="a">Eine Reise zu sich selbst, auf einer Route voller Geschichten und Erinnerungen. Ein diffuser Schwebezustand hat sich in Theos Leben festgesetzt und der Kulturwissenschafter fragt sich, ob es sich dabei um einen Übergang oder endgültigen Stillstand handelt. Sollte das Ziel ein geglücktes Leben sein, wird er die Beziehung zu Anna, seiner Frau, und seinem Sohn Moritz ändern müssen. Da könnte es sich anbieten, eine Vater-Sohn-Reise zu machen, entlang des Wegs, auf dem der spätere Kaiser Maximilian II den Elefanten Soliman vor Jahrhunderten vom Mittelmeer nach Wien brachte.</marc:subfield>
   </marc:datafield>
   <marc:datafield ind1=" " ind2=" " tag="020">
      <marc:subfield code="a">9783701181872</marc:subfield>
      <marc:subfield code="9">9783701181872</marc:subfield>
   </marc:datafield>
   <marc:datafield ind1=" " ind2=" " tag="020">
      <marc:subfield code="a">370118187X</marc:subfield>
      <marc:subfield code="9">370118187X</marc:subfield>
   </marc:datafield>
   <marc:datafield ind1=" " ind2=" " tag="041">
      <marc:subfield code="a">ger</marc:subfield>
   </marc:datafield>
   <marc:datafield ind1=" " ind2=" " tag="300">
      <marc:subfield code="a">206 Seiten</marc:subfield>
   </marc:datafield>
</marc:record>
